[Event "Calgary op 15th"]
[Site "Calgary"]
[Date "2024.12.29"]
[Round "7"]
[White "Ng, Gary"]
[Black "Doknjas, John"]
[Result "0-1"]
[WhiteElo "2217"]
[BlackElo "2280"]
[PlyCount "160"]
[EventDate "2024.12.26"]
[EventType "swiss"]
[EventRounds "9"]
[EventCountry "CAN"]
[SourceTitle "CB02_2025"]
[SourceDate "2025.01.08"]
[SourceVersion "1"]
[SourceVersionDate "2025.01.08"]
[SourceQuality "1"]

1. d4 Nf6 2. Bf4 d5 3. e3 e6 4. Nd2 Bd6 5. Bg3 0-0 6. Ngf3 b6 7. c3 Bb7 8. Ne5 Ne4 9. Nxe4 dxe4 10. Nc4 Bxg3 11. hxg3 Nd7 12. Qh5 Nf6 13. Qh3 h6 14. Be2 Qe7 15. f4 exf3 16. gxf3 c5 17. g4 Nd7 18. Rg1 cxd4 19. exd4 e5 20. dxe5 Nxe5 21. 0-0-0 Nxc4 22. Bxc4 Qe3+ 23. Kb1 Rad8 24. Rde1 Be4+ 25. Ka1 Qxf3 26. Qh5 Bd3 27. Bxd3 Rxd3 28. Ref1 Qe2 29. Re1 Rfd8 30. a3 Rd1+ 31. Rxd1 Rxd1+ 32. Rxd1 Qxd1+ 33. Ka2 g6 34. Qh3 h5 35. gxh5 Qxh5 36. Qd7 g5 37. Qxa7 Qg6 38. Qb8+ Kh7 39. Qh2+ Kg7 40. c4 g4 41. Qg3 Qe6 42. Qc3+ f6 43. a4 Qe5 44. Qxe5 fxe5 45. c5 bxc5 46. a5 g3 47. a6 g2 48. a7 g1Q 49. a8Q Qd4 50. Qb7+ Kf6 51. Qc6+ Kg5 52. Qg2+ Kf4 53. Qh2+ Kf5 54. Qh5+ Ke6 55. Qe8+ Kf5 56. Qh5+ Ke4 57. Qg4+ Kd5 58. Qd7+ Kc4 59. Qa4+ Kd3 60. Qd1+ Ke3 61. Qe1+ Kf3 62. Qf1+ Qf2 63. Qh1+ Kg3 64. Qd5 Qe3 65. Qg8+ Kf2 66. Qf7+ Ke1 67. Qa7 e4 68. Qa5+ Kf2 69. Qc7 Kf1 70. Qf7+ Qf3 71. Qc4+ Kg2 72. Qc2+ Kh3 73. Qxc5 e3 74. Qc8+ Kg2 75. Qg8+ Kf1 76. Qc4+ e2 77. b4 Kg2 78. Qc1 Qd5+ 79. Ka3 Kf2 80. Qf4+ Qf3+ 0-1

[Event "Calgary op 15th"]
[Site "Calgary"]
[Date "2024.12.28"]
[Round "5"]
[White "Bahmani, Amir Mohammad"]
[Black "Ng, Gary"]
[Result "1/2-1/2"]
[WhiteElo "2191"]
[BlackElo "2217"]
[PlyCount "133"]
[EventDate "2024.12.26"]
[EventType "swiss"]
[EventRounds "9"]
[EventCountry "CAN"]
[SourceTitle "CB02_2025"]
[SourceDate "2025.01.08"]
[SourceVersion "1"]
[SourceVersionDate "2025.01.08"]
[SourceQuality "1"]

1. e4 c6 2. d4 d5 3. Nc3 dxe4 4. Nxe4 Nf6 5. Nxf6+ exf6 6. Nf3 Bd6 7. Be2 0-0 8. 0-0 Re8 9. Be3 Bc7 10. c4 Nd7 11. Qb3 Nf8 12. Rfd1 Qd6 13. c5 Qe7 14. d5 cxd5 15. Qxd5 Be6 16. Qe4 f5 17. Qa4 f4 18. Bxf4 Bxf4 19. Qxf4 Qxc5 20. b4 Ng6 21. Qd2 Qe7 22. Nd4 Rad8 23. Bb5 Rf8 24. Qe1 Bd7 25. Bxd7 Qxe1+ 26. Rxe1 Rxd7 27. Nf5 Rfd8 28. g3 Rd2 29. a4 f6 30. f4 Kf7 31. Rac1 R8d7 32. Rc8 R2d5 33. Ne3 Rd4 34. Ra8 a6 35. Rb1 Ne7 36. Rb2 Re4 37. Kf2 Rd3 38. Nf1 Rdd4 39. b5 Rxa4 40. Rb8 axb5 41. Rxb7 Rab4 42. Rxb5 Rxb2+ 43. Rxb2 Nf5 44. Nd2 Re7 45. Nc4 Rc7 46. Rc2 Kf8 47. Ne3 Rxc2+ 48. Nxc2 h5 49. Kf3 Kf7 50. Ne3 Nd6 51. f5 g6 52. fxg6+ Kxg6 53. Kf4 Nf7 54. Nf5 Ne5 55. Nh4+ Kg7 56. Kf5 Ng4 57. Nf3 Ne3+ 58. Kf4 Nd5+ 59. Ke4 Nc3+ 60. Kf5 Nd5 61. h3 Ne3+ 62. Ke4 Nc4 63. Nd4 Kg6 64. Nf5 Kg5 65. Nd4 Nd6+ 66. Kf3 h4 67. Ne2 1/2-1/2

[Event "Calgary op 15th"]
[Site "Calgary"]
[Date "2024.12.26"]
[Round "1"]
[White "Haessel, Dale R"]
[Black "Ng, Gary"]
[Result "0-1"]
[WhiteElo "1987"]
[BlackElo "2217"]
[PlyCount "92"]
[EventDate "2024.12.26"]
[EventType "swiss"]
[EventRounds "9"]
[EventCountry "CAN"]
[SourceTitle "CB02_2025"]
[SourceDate "2025.01.08"]
[SourceVersion "1"]
[SourceVersionDate "2025.01.08"]
[SourceQuality "1"]

1. d4 Nf6 2. c4 e6 3. Nc3 Bb4 4. e3 0-0 5. Bd3 c5 6. Nge2 cxd4 7. exd4 d5 8. 0-0 dxc4 9. Bxc4 Nbd7 10. Qd3 Nb6 11. Bb3 Bd7 12. Bg5 Bc6 13. Bc2 g6 14. Nf4 Be7 15. Bh6 Re8 16. Qh3 Nbd5 17. Nd3 Nb4 18. Nxb4 Bxb4 19. Bg5 Be7 20. Rad1 Nd5 21. Bxe7 Qxe7 22. Ne4 Nb4 23. Bb1 Nxa2 24. Rfe1 Nb4 25. Qh6 f6 26. Nc5 Qf7 27. h4 Bd5 28. Re3 Nc6 29. Rg3 Ne7 30. h5 Qg7 31. Qd2 Nf5 32. Rg4 g5 33. f4 Nh6 34. Rg3 g4 35. Qe2 Kh8 36. Ne4 Rg8 37. Nc3 Bc6 38. Qxe6 Rae8 39. Qc4 Bd7 40. d5 Qf7 41. Qc7 Rg7 42. Qxb7 Qxh5 43. Qxa7 Bf5 44. Qa4 Bxb1 45. Rxb1 Nf5 46. Rd3 g3 0-1

[Event "Toronto Excelsior op"]
[Site "Toronto"]
[Date "2024.02.24"]
[Round "2"]
[White "Ruchinskaya, Valerie"]
[Black "Ng, Gary"]
[Result "0-1"]
[WhiteElo "1571"]
[BlackElo "2214"]
[PlyCount "136"]
[EventDate "2024.02.23"]
[EventType "swiss"]
[EventRounds "5"]
[EventCountry "CAN"]
[SourceTitle "CBM 219 Extra"]
[Source "ChessBase"]
[SourceDate "2024.05.31"]
[SourceVersion "1"]
[SourceVersionDate "2024.05.31"]
[SourceQuality "1"]

1. d4 Nf6 2. c4 e6 3. Nc3 Bb4 4. f3 0-0 5. a3 Bxc3+ 6. bxc3 c5 7. d5 Nh5 8. g3 f5 9. Nh3 Qf6 10. Qd3 e5 11. Bg2 f4 12. g4 Qh4+ 13. Kd1 d6 14. Bd2 Nf6 15. Be1 Qh6 16. Nf2 Qg6 17. Qxg6 hxg6 18. Kc2 Nbd7 19. g5 Ne8 20. Bh3 Kf7 21. Bg4 Rh8 22. h4 Nb6 23. Bxc8 Rxc8 24. Kd3 Rc7 25. Ne4 Nc8 26. a4 Ne7 27. a5 Nf5 28. Bf2 Rh5 29. Rab1 Ke7 30. Rb2 Kd8 31. Rb3 Kc8 32. Rb2 Rf7 33. Rb3 Nc7 34. Rb2 Na6 35. Rb3 Nb8 36. Rb2 Nd7 37. Rhb1 Nf8 38. Rb3 Rd7 39. Rh1 Rh8 40. Rhb1 Rc7 41. Ra1 Nd7 42. Rb2 Kb8 43. Rb3 Ka8 44. Rb2 Rb8 45. Rba2 b6 46. axb6 Rxb6 47. Ra6 Rcb7 48. R6a2 Kb8 49. Rh1 Rb1 50. Rxb1 Rxb1 51. Kc2 Rh1 52. Rb2+ Nb6 53. Rb3 Kc7 54. Ra3 Nc8 55. Ra6 Nxh4 56. Rc6+ Kd7 57. Bxc5 Nf5 58. Bb4 Ra1 59. Kb2 Re1 60. Ba5 Rxe2+ 61. Kb3 Nfe7 62. Rc7+ Ke8 63. Nf6+ gxf6 64. gxf6 e4 65. c5 exf3 66. fxe7 f2 67. cxd6 Nxd6 68. Bb4 Rxe7 0-1

[Event "Titled Tuesday intern op 16th Jan Late"]
[Site "Chess.com INT"]
[Date "2024.01.16"]
[Round "8"]
[White "Horak, Martin"]
[Black "Ng, Gary"]
[Result "1-0"]
[WhiteElo "2349"]
[BlackElo "2205"]
[PlyCount "75"]
[EventDate "2024.01.16"]
[EventType "swiss (blitz)"]
[EventRounds "11"]
[EventCountry "USA"]
[SourceTitle "CBM 218 Extra"]
[Source "ChessBase"]
[SourceDate "2024.03.31"]
[SourceVersion "1"]
[SourceVersionDate "2024.03.31"]
[SourceQuality "1"]

1. e4 b6 2. d4 Bb7 3. Bd3 Nf6 4. Qe2 Nc6 5. c3 e5 6. d5 Ne7 7. Nf3 d6 8. Bb5+ Nd7 9. 0-0 g6 10. Bg5 Bg7 11. Nbd2 h6 12. Bxe7 Qxe7 13. Ba6 Bxa6 14. Qxa6 0-0 15. Ne1 f5 16. f3 fxe4 17. Nxe4 Nc5 18. Qe2 Nxe4 19. Qxe4 Rf4 20. Qxg6 Raf8 21. Nd3 R4f6 22. Qe4 Qf7 23. c4 Rg6 24. b4 Qf5 25. Qxf5 Rxf5 26. Rae1 Rfg5 27. Rf2 h5 28. Re4 Bh6 29. Rfe2 Kf7 30. a4 Rf5 31. Kf2 Bg5 32. b5 h4 33. Nb4 Rg8 34. Nc6 Ra8 35. a5 Bf6 36. Ra2 bxa5 37. Rxa5 h3 38. g4 1-0

[Event "Titled Tuesday intern op 16th Jan Late"]
[Site "Chess.com INT"]
[Date "2024.01.16"]
[Round "9"]
[White "Ng, Gary"]
[Black "Montano Vicente, Guadalupe"]
[Result "1-0"]
[WhiteElo "2205"]
[BlackElo "1690"]
[PlyCount "59"]
[EventDate "2024.01.16"]
[EventType "swiss (blitz)"]
[EventRounds "11"]
[EventCountry "USA"]
[SourceTitle "CBM 218 Extra"]
[Source "ChessBase"]
[SourceDate "2024.03.31"]
[SourceVersion "1"]
[SourceVersionDate "2024.03.31"]
[SourceQuality "1"]

1. b4 Nf6 2. Bb2 g6 3. Bxf6 exf6 4. a3 Bg7 5. d4 f5 6. e3 d5 7. g3 0-0 8. h4 h5 9. Bd3 Nd7 10. Ne2 Nf6 11. Nd2 Ne4 12. Nf4 Re8 13. Nf3 Be6 14. 0-0 Rc8 15. Qe2 c6 16. Rfc1 b6 17. c4 dxc4 18. Bxc4 Bxc4 19. Rxc4 c5 20. bxc5 bxc5 21. Rac1 Qa5 22. Qa2 Kh7 23. Nd3 Bf8 24. Nfe5 Kg7 25. Nxf7 Qb6 26. Nfe5 Qe6 27. Qc2 Bd6 28. Nf4 Qe7 29. Nexg6 Qf6 30. Nxh5+ 1-0

[Event "Titled Tuesday intern op 31st Oct Early"]
[Site "Chess.com INT"]
[Date "2023.10.31"]
[Round "9"]
[White "Carow, Johannes"]
[Black "Ng, Gary"]
[Result "1-0"]
[WhiteElo "2449"]
[BlackElo "2205"]
[PlyCount "37"]
[EventDate "2023.10.31"]
[EventType "swiss (blitz)"]
[EventRounds "11"]
[EventCountry "USA"]
[SourceTitle "EXT 2025"]
[Source "ChessBase"]
[SourceDate "2024.10.14"]
[SourceVersion "1"]
[SourceVersionDate "2024.10.14"]
[SourceQuality "1"]

1. d4 Nf6 2. c4 e6 3. Nc3 Bb4 4. Qc2 0-0 5. a3 Bxc3+ 6. Qxc3 Ne4 7. Qc2 d5 8. Nf3 b6 9. Bf4 c5 10. e3 cxd4 11. Nxd4 Re8 12. Bxb8 Rxb8 13. Nc6 Qd6 14. Nxb8 Qxb8 15. Bd3 Ba6 16. Bxe4 dxe4 17. 0-0 Qe5 18. Rfd1 f5 19. Qa4 1-0

[Event "Titled Tuesday intern op 31st Oct Early"]
[Site "Chess.com INT"]
[Date "2023.10.31"]
[Round "11"]
[White "Floresvillar Gonzalez, Luis Miguel"]
[Black "Ng, Gary"]
[Result "0-1"]
[WhiteElo "2019"]
[BlackElo "2205"]
[PlyCount "146"]
[EventDate "2023.10.31"]
[EventType "swiss (blitz)"]
[EventRounds "11"]
[EventCountry "USA"]
[SourceTitle "EXT 2025"]
[Source "ChessBase"]
[SourceDate "2024.10.14"]
[SourceVersion "1"]
[SourceVersionDate "2024.10.14"]
[SourceQuality "1"]

1. e4 b6 2. Bc4 Bb7 3. d3 Nf6 4. f4 e6 5. Nf3 d5 6. exd5 exd5 7. Bb5+ Nbd7 8. Qe2+ Be7 9. Ne5 0-0 10. 0-0 Bc5+ 11. Be3 d4 12. Bf2 Re8 13. Nd2 Nxe5 14. fxe5 Qd5 15. Bg3 Re7 16. Bc4 Qc6 17. a4 Nd5 18. Bxd5 Qxd5 19. Ne4 Rae8 20. Qg4 Kh8 21. Rf2 Qd7 22. Qxd7 Rxd7 23. Ng5 Kg8 24. Raf1 Bd5 25. b3 h6 26. Nf3 Bb7 27. Nh4 Bf8 28. h3 g6 29. Nf3 Bg7 30. Re2 c5 31. Rfe1 Rde7 32. Kf2 Kh7 33. Nd2 Bd5 34. Nc4 Bxc4 35. bxc4 g5 36. Re4 Kg6 37. Bh2 Kf5 38. g4+ Kg6 39. Bg3 Re6 40. Kf3 R8e7 41. R1e2 Bf8 42. Kf2 Re8 43. Ke1 Be7 44. Kd2 Bd8 45. Kc1 Bc7 46. Kb2 R8e7 47. Bh2 Kg7 48. Kb3 Kf8 49. Bg3 Ke8 50. h4 Kd7 51. hxg5 hxg5 52. Rh2 Bxe5 53. Bxe5 Rxe5 54. Rxe5 Rxe5 55. Rh7 Ke6 56. Rg7 Kf6 57. Rg8 Re7 58. Ra8 Kg6 59. a5 bxa5 60. Ka4 f5 61. gxf5+ Kxf5 62. Rg8 g4 63. Kxa5 Kf4 64. Kb5 Rc7 65. Rf8+ Ke3 66. Rf5 g3 67. Rg5 Kf2 68. Rf5+ Kg1 69. Rg5 g2 70. Rg8 Kf1 71. Rf8+ Ke2 72. Rg8 Kf2 73. Rf8+ Kg1 0-1

[Event "Titled Tuesday intern op 05th Sep Late"]
[Site "Chess.com INT"]
[Date "2023.09.05"]
[Round "7"]
[White "Ng, Gary"]
[Black "Denishev, Marat"]
[Result "0-1"]
[WhiteElo "2205"]
[BlackElo "2172"]
[PlyCount "60"]
[EventDate "2023.09.05"]
[EventType "swiss (blitz)"]
[EventRounds "11"]
[EventCountry "USA"]
[SourceTitle "EXT 2024"]
[Source "ChessBase"]
[SourceDate "2023.10.10"]
[SourceVersion "1"]
[SourceVersionDate "2023.10.10"]
[SourceQuality "1"]

1. d4 Nf6 2. Bf4 g6 3. Nc3 Bg7 4. e4 d6 5. Qd2 Nc6 6. 0-0-0 h6 7. f3 g5 8. Be3 a6 9. h4 g4 10. f4 Nh5 11. d5 Nb8 12. Bd4 e5 13. dxe6 Bxe6 14. Bxg7 Nxg7 15. f5 Bd7 16. Nd5 Nh5 17. Qc3 0-0 18. Nxc7 Nc6 19. Nxa8 Qxa8 20. Rxd6 Qe8 21. Rxh6 Ng7 22. Bd3 Ne5 23. Ne2 Qb8 24. Rd6 Qxd6 25. h5 Rc8 26. Qd4 Nxd3+ 27. Kd2 Qxd4 28. Nxd4 Nf2 29. Rf1 Nxe4+ 30. Kd3 Ng3 0-1

[Event "Titled Tuesday intern op 05th Sep Late"]
[Site "Chess.com INT"]
[Date "2023.09.05"]
[Round "2"]
[White "Ng, Gary"]
[Black "Hajiyev, Kanan"]
[Result "0-1"]
[WhiteElo "2205"]
[BlackElo "2113"]
[PlyCount "82"]
[EventDate "2023.09.05"]
[EventType "swiss (blitz)"]
[EventRounds "11"]
[EventCountry "USA"]
[SourceTitle "EXT 2024"]
[Source "ChessBase"]
[SourceDate "2023.10.10"]
[SourceVersion "1"]
[SourceVersionDate "2023.10.10"]
[SourceQuality "1"]

1. d4 Nf6 2. Nc3 a6 3. e4 b5 4. f3 b4 5. Nce2 Bb7 6. Bg5 h6 7. Bxf6 gxf6 8. Qd2 e5 9. d5 Bc5 10. Ng3 c6 11. Bc4 Qb6 12. Nh3 cxd5 13. Bxd5 Nc6 14. Nf5 0-0-0 15. Bxf7 Nd4 16. Bd5 Bxd5 17. Nxd4 Bxd4 18. exd5 Bxb2 19. Ke2 Qb5+ 20. Qd3 Qxd3+ 21. Kxd3 Bxa1 22. Rxa1 Rhg8 23. g4 Kc7 24. Nf2 h5 25. gxh5 f5 26. Kc4 Kd6 27. Kxb4 Kxd5 28. Rd1+ Ke6 29. Nd3 d6 30. Ka5 Rb8 31. a4 Rg2 32. Nb4 Rxh2 33. Nxa6 Ra8 34. Kb6 Rc8 35. Nc7+ Kd7 36. Nb5 Rc6+ 37. Kb7 Rxh5 38. a5 e4 39. a6 f4 40. Nd4 Rc7+ 41. Kb8 Rh8# 0-1

[Event "Titled Tuesday intern op 05th Sep Late"]
[Site "Chess.com INT"]
[Date "2023.09.05"]
[Round "5"]
[White "Ng, Gary"]
[Black "Rottenwohrer Suarez, Juan"]
[Result "1-0"]
[WhiteElo "2205"]
[BlackElo "2281"]
[PlyCount "89"]
[EventDate "2023.09.05"]
[EventType "swiss (blitz)"]
[EventRounds "11"]
[EventCountry "USA"]
[SourceTitle "EXT 2024"]
[Source "ChessBase"]
[SourceDate "2023.10.10"]
[SourceVersion "1"]
[SourceVersionDate "2023.10.10"]
[SourceQuality "1"]

1. d4 d5 2. Bf4 c5 3. e3 cxd4 4. exd4 Nc6 5. Nf3 Bf5 6. Bd3 Bxd3 7. Qxd3 e6 8. 0-0 Bd6 9. Ne5 Nge7 10. Nd2 Qc7 11. Ndf3 0-0 12. c3 Na5 13. Bg3 Nf5 14. Rae1 a6 15. Nd2 b5 16. b4 Nxg3 17. fxg3 Nc6 18. Nxc6 Qxc6 19. Nb3 Qc4 20. Re3 Rac8 21. Qxc4 dxc4 22. Nc5 Bxc5 23. dxc5 Rfd8 24. Rfe1 Rd7 25. R1e2 g6 26. Kf2 h5 27. h4 Kg7 28. Kf3 Rd1 29. g4 Rf1+ 30. Kg3 hxg4 31. Kxg4 Rc6 32. g3 Rc7 33. Kh3 Rc1 34. Kg2 Rd7 35. Kf3 Rdd1 36. Ke4 Rf1 37. Ke5 Rf5+ 38. Kd6 Rd5+ 39. Kc6 Rd3 40. Kb6 Rcxc3 41. Rxd3 cxd3 42. Rd2 Ra3 43. c6 Rc3 44. c7 e5 45. Rxd3 1-0

[Event "Canadian op"]
[Site "Calgary"]
[Date "2023.07.25"]
[Round "5"]
[White "Ng, Gary"]
[Black "Aljo, Johan"]
[Result "1-0"]
[WhiteElo "2213"]
[BlackElo "1754"]
[PlyCount "63"]
[EventDate "2023.07.22"]
[EventType "swiss"]
[EventRounds "10"]
[EventCountry "CAN"]
[SourceTitle "CBM 215 Extra"]
[Source "ChessBase"]
[SourceDate "2023.09.30"]
[SourceVersion "1"]
[SourceVersionDate "2023.09.30"]
[SourceQuality "1"]

1. e4 c6 2. Ne2 d5 3. e5 Bf5 4. Ng3 Bg6 5. h4 h6 6. h5 Bh7 7. e6 fxe6 8. d4 Qd6 9. f4 Nd7 10. Bd3 Bxd3 11. Qxd3 0-0-0 12. Be3 Ngf6 13. Nd2 Ng4 14. 0-0-0 Nb6 15. Rh4 Nxe3 16. Qxe3 Nc4 17. Nxc4 dxc4 18. Ne4 Qd5 19. Nc3 Qd6 20. g4 g5 21. hxg6 Bg7 22. Ne4 Qd5 23. c3 e5 24. fxe5 Bxe5 25. Rh5 Qa5 26. Rxe5 Qxa2 27. Nd2 Qa1+ 28. Nb1 Rhg8 29. Qe4 Rd6 30. Qf5+ Kb8 31. Ra5 e6 32. Qe5 1-0

[Event "Canadian op"]
[Site "Calgary"]
[Date "2023.07.24"]
[Round "4"]
[White "Mikhalevski, Victor"]
[Black "Ng, Gary"]
[Result "1-0"]
[WhiteElo "2524"]
[BlackElo "2213"]
[PlyCount "57"]
[EventDate "2023.07.22"]
[EventType "swiss"]
[EventRounds "10"]
[EventCountry "CAN"]
[SourceTitle "CBM 215 Extra"]
[Source "ChessBase"]
[SourceDate "2023.09.30"]
[SourceVersion "1"]
[SourceVersionDate "2023.09.30"]
[SourceQuality "1"]

1. d4 Nf6 2. c4 e6 3. Nf3 b6 4. g3 Ba6 5. Qa4 Bb7 6. Bg2 c5 7. dxc5 bxc5 8. 0-0 Be7 9. Rd1 0-0 10. Nc3 Qb6 11. Bf4 d6 12. Rab1 a5 13. Qb5 Qc7 14. Qb3 Bc6 15. Nb5 Bxb5 16. cxb5 a4 17. Qd3 Qb6 18. Bxd6 Bxd6 19. Qxd6 Qxd6 20. Rxd6 Ra5 21. Rb6 Rd8 22. Ne5 Ra7 23. Rc1 Rc7 24. Rb7 Rcc8 25. Nxf7 Rd2 26. Bh3 Rxe2 27. Ng5 Rd8 28. Bxe6+ Kf8 29. Bc4 1-0

[Event "Titled Tuesday intern op 09th May Late"]
[Site "Chess.com INT"]
[Date "2023.05.09"]
[Round "5"]
[White "Ng, Gary"]
[Black "Bambino Filho, Antonio Carlos"]
[Result "1-0"]
[WhiteElo "2213"]
[BlackElo "2144"]
[PlyCount "97"]
[EventDate "2023.05.09"]
[EventType "swiss (blitz)"]
[EventRounds "11"]
[EventCountry "USA"]
[SourceTitle "CBM 214 Extra"]
[Source "ChessBase"]
[SourceDate "2023.07.31"]
[SourceVersion "1"]
[SourceVersionDate "2023.07.31"]
[SourceQuality "1"]

1. d4 Nf6 2. Bf4 d5 3. e3 c5 4. dxc5 Nc6 5. Bb5 g6 6. c3 Bg7 7. Nd2 0-0 8. Ngf3 Nh5 9. Bg5 h6 10. Bh4 g5 11. Bg3 Nxg3 12. hxg3 e5 13. Bxc6 bxc6 14. b4 a5 15. 0-0 axb4 16. cxb4 Ba6 17. Re1 f5 18. Nb3 Bb5 19. Na5 Rxa5 20. bxa5 Qxa5 21. a4 Bc4 22. Rb1 Ra8 23. Rb7 Qxc5 24. Nd2 Ba6 25. Rd7 Rb8 26. Qh5 Qf8 27. Qg6 Qf6 28. Rxg7+ Qxg7 29. Qxc6 Qb7 30. Qxh6 Bd3 31. Qxg5+ Kf7 32. Qh5+ Kg7 33. Nf3 Qc7 34. Ng5 Qe7 35. Rc1 Rb7 36. Rc8 f4 37. Qh8+ Kg6 38. Rg8+ Kf5 39. gxf4 exf4 40. Rf8+ Kg4 41. f3+ Kxg5 42. Rg8+ Bg6 43. exf4+ Kxf4 44. Rxg6 Rb1+ 45. Kh2 Qe5 46. Qh6+ Kf5+ 47. g3 Rb2+ 48. Kh3 Qe1 49. Rg5# 1-0

[Event "Titled Tuesday intern op 02nd May Early"]
[Site "Chess.com INT"]
[Date "2023.05.02"]
[Round "2"]
[White "Karwowski, Kacper"]
[Black "Ng, Gary"]
[Result "0-1"]
[WhiteElo "2164"]
[BlackElo "2213"]
[PlyCount "30"]
[EventDate "2023.05.02"]
[EventType "swiss (blitz)"]
[EventRounds "11"]
[EventCountry "USA"]
[SourceTitle "EXT 2024"]
[Source "ChessBase"]
[SourceDate "2023.10.10"]
[SourceVersion "1"]
[SourceVersionDate "2023.10.10"]
[SourceQuality "1"]

1. f4 Nf6 2. Nf3 g6 3. b3 Bg7 4. Bb2 0-0 5. e3 d6 6. Be2 Nbd7 7. 0-0 Re8 8. d4 c6 9. c4 Qc7 10. Nc3 e5 11. fxe5 dxe5 12. d5 e4 13. Nd4 Ne5 14. Rc1 Neg4 15. Qd2 Qxh2# 0-1

[Event "Titled Tuesday intern op 02nd May Early"]
[Site "Chess.com INT"]
[Date "2023.05.02"]
[Round "3"]
[White "Ng, Gary"]
[Black "Mekhane, Adam"]
[Result "0-1"]
[WhiteElo "2213"]
[BlackElo "2280"]
[PlyCount "62"]
[EventDate "2023.05.02"]
[EventType "swiss (blitz)"]
[EventRounds "11"]
[EventCountry "USA"]
[SourceTitle "EXT 2024"]
[Source "ChessBase"]
[SourceDate "2023.10.10"]
[SourceVersion "1"]
[SourceVersionDate "2023.10.10"]
[SourceQuality "1"]

1. d4 Nf6 2. Bf4 g6 3. Nc3 d5 4. e3 Bg7 5. h4 h5 6. Nf3 0-0 7. Ne5 c5 8. dxc5 Qa5 9. Qd2 Nc6 10. a3 Qxc5 11. Na4 Qa5 12. Nxc6 Qxd2+ 13. Kxd2 bxc6 14. f3 Nd7 15. Bd3 e5 16. Bg3 Re8 17. c4 Ba6 18. Rac1 Rac8 19. cxd5 Bxd3 20. dxc6 Bb5 21. cxd7 Bxd7 22. Nc5 Bc6 23. b4 Red8+ 24. Kc2 Ba4+ 25. Kc3 e4+ 26. Kc4 a6 27. fxe4 Rd2 28. e5 f6 29. exf6 Bxf6 30. e4 Bb5+ 31. Kb3 Rb2# 0-1

[Event "Titled Tuesday intern op 02nd May Late"]
[Site "Chess.com INT"]
[Date "2023.05.02"]
[Round "2"]
[White "Ng, Gary"]
[Black "Meunier Pion, Jean"]
[Result "0-1"]
[WhiteElo "2213"]
[BlackElo "2213"]
[PlyCount "74"]
[EventDate "2023.05.02"]
[EventType "swiss (blitz)"]
[EventRounds "11"]
[EventCountry "USA"]
[SourceTitle "EXT 2024"]
[Source "ChessBase"]
[SourceDate "2023.10.10"]
[SourceVersion "1"]
[SourceVersionDate "2023.10.10"]
[SourceQuality "1"]

1. d4 Nf6 2. Bf4 e6 3. e3 c5 4. Nd2 Nc6 5. Ngf3 d5 6. c3 Bd6 7. Bg3 0-0 8. Bb5 a6 9. Bxc6 bxc6 10. Qa4 cxd4 11. exd4 Qc7 12. 0-0 c5 13. dxc5 Bxg3 14. hxg3 Qxc5 15. Nb3 Qc7 16. Rfe1 Bd7 17. Qh4 a5 18. Ne5 Rfb8 19. Re2 a4 20. Nd4 Bb5 21. Nxb5 Rxb5 22. a3 Ne4 23. Nd3 Rab8 24. Rc1 h6 25. c4 g5 26. Qxh6 R5b6 27. cxd5 exd5 28. Qh5 Qd8 29. Ne5 Qe7 30. Nc6 Qc7 31. Rec2 Rxb2 32. Rxb2 Rxb2 33. f3 Qb6+ 34. Kh2 Qf2 35. Ne7+ Kf8 36. Rc8+ Kxe7 37. Rc7+ Kd6 0-1

[Event "Titled Tuesday intern op 02nd May Late"]
[Site "Chess.com INT"]
[Date "2023.05.02"]
[Round "5"]
[White "Seletsky, Grigory"]
[Black "Ng, Gary"]
[Result "1-0"]
[WhiteElo "2259"]
[BlackElo "2213"]
[PlyCount "89"]
[EventDate "2023.05.02"]
[EventType "swiss (blitz)"]
[EventRounds "11"]
[EventCountry "USA"]
[SourceTitle "EXT 2024"]
[Source "ChessBase"]
[SourceDate "2023.10.10"]
[SourceVersion "1"]
[SourceVersionDate "2023.10.10"]
[SourceQuality "1"]

1. e4 c6 2. d4 d5 3. e5 Bf5 4. Nf3 e6 5. Be2 c5 6. Be3 Qb6 7. Nc3 c4 8. Rb1 Nc6 9. 0-0 Nge7 10. h3 h5 11. b3 cxb3 12. Rxb3 Qa5 13. Nb5 Nc8 14. Bd2 Qd8 15. Qb1 a6 16. Nc3 b5 17. a4 b4 18. Na2 a5 19. Bb5 N8a7 20. Bd3 Bxd3 21. cxd3 Qb6 22. Be3 Be7 23. Qc1 0-0 24. Qd2 Rac8 25. Rbb1 Rc7 26. Nc1 Rfc8 27. Ne2 Nd8 28. Rb2 Qc6 29. Bg5 Bf8 30. Ng3 g6 31. Qf4 f5 32. exf6 Bd6 33. Ne5 Qc3 34. Re2 Nf7 35. Qe3 Bxe5 36. dxe5 d4 37. Qe4 Nh8 38. Bd2 Qc6 39. Qf4 Nf7 40. Ne4 Qxa4 41. g4 hxg4 42. Qxg4 Nh8 43. Qxe6+ Kf8 44. Bh6+ Rg7 45. fxg7# 1-0

[Event "Titled Tuesday intern op 02nd May Late"]
[Site "Chess.com INT"]
[Date "2023.05.02"]
[Round "6"]
[White "Souza, Gustavo Horokoski"]
[Black "Ng, Gary"]
[Result "0-1"]
[WhiteElo "1953"]
[BlackElo "2213"]
[PlyCount "36"]
[EventDate "2023.05.02"]
[EventType "swiss (blitz)"]
[EventRounds "11"]
[EventCountry "USA"]
[SourceTitle "EXT 2024"]
[Source "ChessBase"]
[SourceDate "2023.10.10"]
[SourceVersion "1"]
[SourceVersionDate "2023.10.10"]
[SourceQuality "1"]

1. d4 b6 2. c4 Bb7 3. Nc3 e6 4. e4 Bb4 5. Bd3 f5 6. f3 Nh6 7. Qc2 0-0 8. Bxh6 Qh4+ 9. g3 Qxh6 10. Qd2 Qxd2+ 11. Kxd2 fxe4 12. Bxe4 Bxe4 13. fxe4 Nc6 14. Nge2 Rf2 15. Ke3 Raf8 16. d5 R8f3+ 17. Kd2 Ne5 18. Kc2 Bxc3 0-1

[Event "Titled Tuesday intern op 18th Apr Early"]
[Site "Chess.com INT"]
[Date "2023.04.18"]
[Round "7"]
[White "Aalto, Patrik"]
[Black "Ng, Gary"]
[Result "1-0"]
[WhiteElo "2251"]
[BlackElo "2213"]
[PlyCount "67"]
[EventDate "2023.04.18"]
[EventType "swiss (blitz)"]
[EventRounds "11"]
[EventCountry "USA"]
[SourceTitle "EXT 2024"]
[Source "ChessBase"]
[SourceDate "2023.10.10"]
[SourceVersion "1"]
[SourceVersionDate "2023.10.10"]
[SourceQuality "1"]

1. e4 b6 2. d4 Bb7 3. Bd3 Nf6 4. Qe2 Nc6 5. c3 e5 6. Nf3 exd4 7. Nxd4 Be7 8. Nxc6 dxc6 9. 0-0 0-0 10. e5 Nd5 11. Rd1 Qc8 12. c4 Nb4 13. Be4 c5 14. Nc3 Bxe4 15. Qxe4 Qe6 16. Nd5 Rac8 17. Bf4 c6 18. Nxe7+ Qxe7 19. a3 Na6 20. Rd6 Rfd8 21. Rxc6 Rxc6 22. Qxc6 Nc7 23. Qf3 Ne6 24. Be3 Qc7 25. Qe4 Qd7 26. f4 Qa4 27. f5 Nd4 28. e6 Qxc4 29. exf7+ Kxf7 30. Kh1 Re8 31. Qf4 Qe2 32. Bxd4 Qe1+ 33. Rxe1 Rxe1+ 34. Bg1 1-0